Γενικές γνώσεις - Πολλαπλή επιλογή #2 - Statistics

General Stats
  • This quiz has been taken 678 times
  • The average score is 11 of 15
Answer Stats
Question Answer % Correct
Ποια είναι η πρωτεύουσα της Ισπανίας; Μαδρίτη
94%
Ποια είναι η πρωτεύουσα των Ηνωμένων Πολιτειών; Ουάσινγκτον
92%
Ποια είναι η σωστή απάντηση στην αριθμητική πράξη: 9 - 1 + (2 x 3); 14
91%
Σε ποια από τις παρακάτω χώρες απαγορεύεται να μασάει κανείς τσίχλα; Σινγκαπούρη
89%
Ποιο έτος βυθίστηκε ο Τιτανικός; 1912
89%
Ποια μονάδα μέτρησης byte είναι μεγαλύτερη; Terabyte
85%
Ποιο από τα παρακάτω ζώα είναι πτηνό; Κολίμπρι
74%
Σε ποιο μέρος του σώματος μπορούμε να βρούμε την κερκίδα και την ωλένη; Χέρι
70%
Από πόσες χώρες αποτελείται η Ευρωπαϊκή Ένωση; 27
70%
Τι από τα παρακάτω είναι η Τιτικάκα; Λίμνη
69%
Ποιο ήταν το όνομα της συζύγου του Ναπολέοντα; Ιωσηφίνα
66%
Ποιο από τα παρακάτω ΔΕΝ έχει καμία σχέση με τα υπόλοιπα; Καμαμπέρ
61%
Τι εφηύρε ο Άλφρεντ Νόμπελ, εμπνευστής των ομώνυμων βραβείων Νόμπελ; Δυναμίτη
52%
Ποια χώρα έχει κερδίσει περισσότερες φορές στον Διαγωνισμό Τραγουδιού Eurovision; Ιρλανδία
38%
Ποια από τις παρακάτω λέξεις είναι συνώνυμη της "φαιδρότητας"; ευθυμία
30%
No matching quizzes found
Score Distribution
Percent of People with Each Score
Percentile by Number Answered
Your Score History
You have not taken this quiz